| 000 | 01099nam a2200301 i 4500 | ||
|---|---|---|---|
| 001 | bg | ||
| 100 | 1 |
_aMEAD, Margaret _d(1901-1978) |
|
| 245 | 1 | 0 |
_aKultura i tożsamość : _bstudium dystansu międzypokoleniowego / _cMargaret Mead ; przeł. Jacek Hołówka. |
| 246 |
_iTyt. oryg.: _aCulture and commitment : a study of the generation gap |
||
| 250 | _aWyd. 2. | ||
| 260 |
_aWarszawa : _bWydaw. Naukowe PWN, _c2000. |
||
| 300 |
_a[6], 133, [1] s., ; _c21 cm. |
||
| 490 | 1 | _aBiblioteka Socjologiczna | |
| 500 | _aTyt. oryg.: "Culture and commitment : a study of the generation gap" 1978. | ||
| 650 | 9 |
_aAntropologia społeczna _xzagadnienia |
|
| 650 | 9 |
_aKultura _xsocjologia _y20 w. |
|
| 650 | 9 |
_aZmiana społeczna _y20 w. |
|
| 700 | 1 |
_aHOŁÓWKA, Jacek. _eTł. |
|
| 830 | _aBiblioteka Socjologiczna | ||
| 020 | _a8301132752 | ||
| 040 | _cBPK | ||
| 041 | 1 |
_apl _hen |
|
| 080 | _a316.7:316.42]"19" | ||
| 920 | _a83-01-13275-2 | ||
| 942 | _cKS | ||
| 008 | s pl f |000 0 pol | ||
| 999 |
_c41921 _d41921 |
||
| 856 |
_uhttp://koha.tu.koszalin.pl/cgi-bin/koha/opac-detail.pl?biblionumber=41921 _yKatalog online BPK |
||